Hướng dẫn cơ bản về xuất nhập khẩu hàng hóa và tiếp thị tại Mỹ

Wedi'i Gadw mewn:
Manylion Llyfryddiaeth
Fformat: Llyfr
Iaith:Undetermined
Cyhoeddwyd: Tp. HCM Nxb. Tp. HCM 1995
Pynciau:
Tagiau: Ychwanegu Tag
Dim Tagiau, Byddwch y cyntaf i dagio'r cofnod hwn!
Thư viện lưu trữ: Trung tâm Học liệu Trường Đại học Cần Thơ
LEADER 00560nam a2200157Ia 4500
001 CTU_5854
008 210402s9999 xx 000 0 und d
082 |a 338.880973 
082 |b D408 
245 0 |a Hướng dẫn cơ bản về xuất nhập khẩu hàng hóa và tiếp thị tại Mỹ 
245 0 |c Trần Thanh Sang dịch 
260 |a Tp. HCM 
260 |b Nxb. Tp. HCM 
260 |c 1995 
650 |a commercial policy,international economic relations,international trade 
980 |a Trung tâm Học liệu Trường Đại học Cần Thơ